La vie de Molière - Statistiques

Statistiques générales
  • Ce quiz a été pris 264 fois
  • Le résultat moyen est 6 sur 15
Statistiques - réponses
Indice Réponse % Correct
Nom de naissance Jean-Baptiste Poquelin
95%
Pièce dont le personnage principal est caractérisé par sa radinerie L'Avare
78%
Complétez cette réplique venant de cette pièce : Il faut ____ pour vivre et non pas vivre pour ____ Manger
64%
Dernière pièce écrite par Molière Le Malade imaginaire
63%
Compositeur avec lequel Molière a beaucoup collaboré Jean-Baptiste Lully
56%
Cimetière dans lequel est enterré Molière Père-Lachaise
55%
Mouvement littéraire Classicisme
44%
Nom de ce personnage principal Harpagon
43%
Nom de la troupe qu'il fonde avec ses amis comédiens Illustre Théâtre
32%
Pièce qui raconte la vengeance de La Grange et Du Croisy envers des filles qui les ont humiliés Les précieuses ridicules
25%
Personnage emblématique du théâtre de Molière, qu'il a lui-même interprété dans les sept pièces où il apparaît Sganarelle
25%
Signification du mot Tartuffe, devenu un mot commun à la suite du succès de la pièce Hypocrite
24%
Le sous-titre de cette pièce est "l'Atrabilaire amoureux" Le Misanthrope
18%
Ville de l'Hérault dans laquelle on peut trouver un monument en hommage à Molière Pézenas
9%
Théâtre parisien dans lequel Molière a effectué de nombreuses représentations Petit-Bourbon
8%
Aucun quiz correspondant
Distribution des résultats
% des personnes avec chaque résultat
Percentile par nombre de réponses
Votre historique - résultats
Vous n’avez pas pris ce quiz